000 00916nam a2200229Ia 4500
999 _c37699
_d37699
001 3672
003 GE_BSU
005 20190527141948.0
008 181216s1962||||ge |||||||||||||| ||geo||
040 _cGE_BSU
041 _ageo
080 _a514.18 გ–94
100 _aგულისაშვილი, ა
_91618
245 _aმხაზველობითი გეომეტრიის კურსი /
_cა. გულისაშვილი ; რედ : ლ.კოჩინაშვილი.
250 _aმე–4 გამოცემა
264 _aთბილისი :
_bსპი,
_c1962.
300 _a392 გვ .:
_c26 სმ.
653 _aმხაზველობითი გეომეტრიის კურსი
653 _aგეომეტრია
700 _aკოჩინაშვილი, ლ
_eრედაქტორი
_91632
942 _cBK
_2udc